COLLECTORS EDITION INNOVATIVE PACKAGING AND GRAPHICS (Record no. 920342)

MARC details
000 -LEADER
fixed length control field 00306nam a2200121Ia 4500
008 - FIXED-LENGTH DATA ELEMENTS--GENERAL INFORMATION
fixed length control field 231106s2016 xx 000 0 und d
041 ## - LANGUAGE CODE
Language code of text/sound track or separate title eng
082 ## - DEWEY DECIMAL CLASSIFICATION NUMBER
Classification number 751.42
100 ## - MAIN ENTRY--PERSONAL NAME
Personal name DAVID WEBB
245 ## - TITLE STATEMENT
Title COLLECTORS EDITION INNOVATIVE PACKAGING AND GRAPHICS
260 ## - PUBLICATION, DISTRIBUTION, ETC.
Name of publisher, distributor, etc. QUARTO PRESS
Date of publication, distribution, etc. 2016
300 ## - PHYSICAL DESCRIPTION
Extent H-256

No items available.